Loading...
Any History | 9 | 14.44 | 100% | 33% | 11% |
Current Events | 5 | 14.00 | 100% | 40% | 0% |
Fine Arts - Classical Music | 9 | 21.11 | 100% | 100% | 11% |
Fine Arts - Other Fine Arts | 10 | 13.00 | 90% | 40% | 0% |
Geography | 7 | 14.29 | 71% | 71% | 0% |
History - American History | 9 | 10.00 | 89% | 0% | 11% |
History - European History | 9 | 14.44 | 89% | 33% | 22% |
History - World History | 7 | 14.29 | 86% | 29% | 29% |
Literature - American Literature | 8 | 18.75 | 100% | 63% | 25% |
Literature - British Literature | 12 | 20.83 | 100% | 92% | 17% |
Literature - European Literature | 8 | 23.75 | 100% | 100% | 38% |
Literature - World Literature | 11 | 21.82 | 100% | 82% | 36% |
Mythology | 5 | 18.00 | 100% | 60% | 20% |
Other Academic | 5 | 22.00 | 100% | 100% | 20% |
Painting & Sculpture | 11 | 13.64 | 91% | 27% | 18% |
Philosophy | 9 | 16.67 | 100% | 56% | 11% |
Religion | 6 | 11.67 | 100% | 17% | 0% |
Science - Biology | 10 | 16.00 | 100% | 60% | 0% |
Science - Chemistry | 11 | 20.00 | 100% | 73% | 27% |
Science - Other Science | 6 | 15.00 | 100% | 50% | 0% |
Science - Physics | 10 | 21.00 | 100% | 70% | 40% |
Social Science | 7 | 15.71 | 86% | 57% | 14% |